Convention management and service / (Record no. 14411)
[ view plain ]
| 000 -LEADER | |
|---|---|
| fixed length control field | 00655nam a2200193 a 4500 |
| 003 - CONTROL NUMBER IDENTIFIER | |
| control field | PILC |
| 005 - DATE AND TIME OF LATEST TRANSACTION | |
| control field | 20150817152236.0 |
| 008 - FIXED-LENGTH DATA ELEMENTS--GENERAL INFORMATION | |
| fixed length control field | 100717s19uu xx 00 eng d |
| 020 ## - INTERNATIONAL STANDARD BOOK NUMBER | |
| International Standard Book Number | 0866121730 |
| 050 ## - LIBRARY OF CONGRESS CALL NUMBER | |
| Classification number | TX 911.2 |
| Item number | .As859 1998 |
| 100 ## - MAIN ENTRY--PERSONAL NAME | |
| Personal name | Astoff, Milton T. |
| 9 (RLIN) | 11680 |
| 245 ## - TITLE STATEMENT | |
| Title | Convention management and service / |
| Statement of responsibility, etc | Milton T. Astroff and James R. Abbey |
| 250 ## - EDITION STATEMENT | |
| Edition statement | 5th edition. |
| 260 ## - PUBLICATION, DISTRIBUTION, ETC. (IMPRINT) | |
| Place of publication, distribution, etc | East Lansing, Michigan : |
| Name of publisher, distributor, etc | Educational Institute of the American Hotel & Motel Association, |
| Date of publication, distribution, etc | 1998. |
| 300 ## - PHYSICAL DESCRIPTION | |
| Extent | 664 pages : |
| Other physical details | illustration ; |
| Dimensions | 26 cm. |
| 650 ## - SUBJECT ADDED ENTRY--TOPICAL TERM | |
| Topical term or geographic name as entry element | Convention Management |
| 9 (RLIN) | 11681 |
| 700 ## - ADDED ENTRY--PERSONAL NAME | |
| Personal name | Abbey, James R. |
| 9 (RLIN) | 11682 |
| 942 ## - ADDED ENTRY ELEMENTS (KOHA) | |
| Source of classification or shelving scheme | Library of Congress Classification |
| Koha item type | Books |
| Withdrawn status | Lost status | Source of classification or shelving scheme | Damaged status | Home library | Current library | Shelving location | Date acquired | Total Checkouts | Full call number | Barcode | Date last seen | Copy number | Price effective from | Koha item type | Public note | Source of acquisition | Sub Shelving location |
|---|---|---|---|---|---|---|---|---|---|---|---|---|---|---|---|---|---|
| Withdrawn | Library of Congress Classification | Southville International School Affiliated with Foreign Universities Library | Southville International School Affiliated with Foreign Universities Library | Southville Foreign University Section | 08/17/2013 | TX 911.2 .As84 1998 | SFU0490 | 05/15/2018 | 1 | 08/17/2013 | Books | Multiple copies | |||||
| Library of Congress Classification | Southville International School Affiliated with Foreign Universities Library | Southville International School Affiliated with Foreign Universities Library | Southville Foreign University Section | 08/17/2013 | TX 911.2 .As84 1998 | SFU0491 | 05/15/2018 | 2 | 08/17/2013 | Books | |||||||
| Library of Congress Classification | Southville International School Affiliated with Foreign Universities Library | Southville International School Affiliated with Foreign Universities Library | Southville Foreign University Section | 10/17/2013 | TX 911.2 .As859 1998 | SFU1480 | 05/15/2018 | 1 | 10/17/2013 | Books | |||||||
| Library of Congress Classification | Southville International School Affiliated with Foreign Universities Library | Southville International School Affiliated with Foreign Universities Library | Southville Foreign University Section | 08/17/2015 | TX 911.2 .As859 1998 | SFU2507 | 05/15/2018 | 08/17/2015 | Books | Donation |